000 00690nam a2200229 i 4500
001 bgj
100 1 _aMALEY, Alan
245 1 0 _aPoem into Poem :
_breading and writing poems with students of English /
_cAlan Maley and Sandra Moulding.
260 _aCambridge :
_bCambridge University Press,
_c1992.
300 _aset of 2 audio cassettes.
650 9 _aEnglish language
650 9 _aLiterature activities
650 9 _aLanguages and literature
655 _aTextbooks for foreigners
700 1 _aMOULDING, Sara.
_eco-author
020 _a0521300053
040 _cBPK
041 0 _aeng
920 _a0-521-30005-3
942 _cKS
008 s uk f |000 0 eng
999 _c50897
_d50897
856 _uhttp://koha.tu.koszalin.pl/cgi-bin/koha/opac-detail.pl?biblionumber=50897
_yKatalog online BPK